ბათუმის შოთა რუსთაველის სახელმწიფო უნივერსიტეტის ბიბლიოთეკა

Emotional Literacy in the Middle School : (ბიბ.ჩანაწერი № 49670)

000 -LEADER
fixed length control field 00787nam a2200229Ia 4500
001 - CONTROL NUMBER
control field 16603
003 - CONTROL NUMBER IDENTIFIER
control field GE_BSU
005 - DATE AND TIME OF LATEST TRANSACTION
control field 20200131141053.0
008 - FIXED-LENGTH DATA ELEMENTS--GENERAL INFORMATION
fixed length control field 181216s||||||||xx |||||||||||||| ||und||
020 ## - INTERNATIONAL STANDARD BOOK NUMBER
International Standard Book Number 9781887943741
040 ## - CATALOGING SOURCE
Transcribing agency GE_BSU
080 ## - UNIVERSAL DECIMAL CLASSIFICATION NUMBER
Universal Decimal Classification number 371 M-41
100 ## - MAIN ENTRY--PERSONAL NAME
Personal name Maurer, Marvin.
9 (RLIN) 6630
245 ## - TITLE STATEMENT
Title Emotional Literacy in the Middle School :
Remainder of title A 6-Step Program to Promote Social,Emotional,& Academic,Learning /
Statement of responsibility, etc. Marvin Maurer ; Bracket Marc A ; Plain Francesca.
264 ## - PRODUCTION, PUBLICATION, DISTRIBUTION, MANUFACTURE, AND COPYRIGHT NOTICE
Place of production, publication, distribution, manufacture America :
Name of producer, publisher, distributor, manufacturer National Professional Resources, Inc
Date of production, publication, distribution, manufacture, or copyright notice 2004.
300 ## - PHYSICAL DESCRIPTION
Extent 229 p .:
Dimensions 27 cm
653 ## - INDEX TERM--UNCONTROLLED
keyword Emotional Literacy in the Middle School
653 ## - INDEX TERM--UNCONTROLLED
keyword პედაგოგიკა
700 ## - ADDED ENTRY--PERSONAL NAME
Personal name Bracket, Marc A.
9 (RLIN) 6631
700 ## - ADDED ENTRY--PERSONAL NAME
Personal name Plain, Francesca
9 (RLIN) 6632
942 ## - ADDED ENTRY ELEMENTS (KOHA)
Koha item type წიგნი
Source of classification or shelving scheme
ეგზემპლარები
Withdrawn status Lost status Source of classification or shelving scheme Damaged status Not for loan Permanent Location Current Location Shelving location Date acquired Cost, normal purchase price Full call number Barcode Date last seen Copy number Price effective from Koha item type Public note
          ბათუმის შოთა რუსთაველის სახელმწიფო უნივერსიტეტის მთავარი ბიბლიოთეკა ბათუმის შოთა რუსთაველის სახელმწიფო უნივერსიტეტის მთავარი ბიბლიოთეკა წიგნსაცავი 2018-12-17 108.00 371 M-41 45126 2018-12-17 45126 2018-12-17 წიგნი 108 gel.
          ბათუმის შოთა რუსთაველის სახელმწიფო უნივერსიტეტის მთავარი ბიბლიოთეკა ბათუმის შოთა რუსთაველის სახელმწიფო უნივერსიტეტის მთავარი ბიბლიოთეკა წიგნსაცავი 2020-01-31 111.00 371 M-41 45127 2020-01-31 45127 2020-01-31 წიგნი 111 gel.